000 00634nam a2200205 a 4500
999 _c3311
_d3311
003 PK-NaQUE
005 20250115101428.0
008 250115b ||||| |||| 00| 0 eng d
020 _a0070511691 (hardcover)
020 _a9780070511699 (hardcover)
040 _cQUEST
100 1 _aRamo, Simon.
245 1 0 _aWhat's Wrong With Our Technological Society and How to Fix It
250 _aFirst Edition.
260 _a[S.l.] :
_bMcgraw-Hill,
_c1983.
300 _a320 p. ;
650 _aTechnological innovations--Social aspects--United States.
856 4 0 _uhttp://10.10.170.122:8080/browse/book/26285
_yeBook
942 _cBK
_2ddc